000 00614nam a2200229Ia 4500
003 OSt
005 20220926005458.0
006 a|||||r|||| 00| 0
007 ta
008 220923b |||||||| |||| 00| 0 eng d
037 _cGeneral Book
040 _aRTL
_cRTL
_beng
041 _2eng
_aeng
082 _aU45, M5
100 _aGhosh B N
_920678
245 0 _aFundamentals of population geography
260 _a New Delhi
_bSterling
_c1985
300 _axii, 252p
_ccm.
650 _aPOPULATION GEOGRAPHY
_9237915
942 _hU45, M5
_cGB
_2CC
999 _c613969
_d613969